000 01635nam0a22003251 4500
001 rc\2142332
005 20110829173557.3
035 _a(NLR Aleph) 006702186
090 _a5255705
_c5255705
100 _a20110829d1978 |||y0rusy50 ca
101 0 _arus
102 _aRU
105 _ay z |||||
200 1 _aСостояние производства хлора и каустической соды в основных капиталистических странах в 1975-1976 гг.
_f[Сост. А.С. Кулясовой]
210 _aМосква
_cНИИТЭхим
_d1978
215 _a41 с.
_cграф.
_d20
225 1 _aОбзорная информация
_fНИИ техн.-экон. исслед. "НИИТЭхим"
_iСерия "Хлорная промышленность"
300 _aСост. указан на 2-й с. обл.
320 _aБиблиогр.: с. 37-39 (57 назв.)
606 _aСода каустическая
_jОбзоры литературы информационные
_xПроизводство
_2psbo
606 _aХлор
_jОбзоры литературы информационные
_xПроизводство
_2psbo
700 1 _aКулясова
_bА. С.
_gАлла Степановна
712 0 2 _aНИИ технико-экономических исследований Министерства химической промышленности СССР
_3RU\NLR\AUTH\8813349
801 0 _aRU
_bNLR
_gpsbo
801 1 _aRU
_bELAR
_2rusmarc
852 _aNLR
_j79-4/8768
899 _aRuMoRGB
_jB 79-7/31
899 _aRuMoRGB
_jB 79-7/32
942 _cBOOK
980 _aNB